<?xml version="1.0" encoding="UTF-8"?>
<record
    xmlns:xsi="http://www.w3.org/2001/XMLSchema-instance"
    xsi:schemaLocation="http://www.loc.gov/MARC21/slim http://www.loc.gov/standards/marcxml/schema/MARC21slim.xsd"
    xmlns="http://www.loc.gov/MARC21/slim">

  <leader>02314cam a2200301 a 4500</leader>
  <controlfield tag="001">16734960</controlfield>
  <controlfield tag="005">20150510131950.0</controlfield>
  <controlfield tag="008">110411t2012    paua   frb    001 0 eng d</controlfield>
  <datafield tag="020" ind1=" " ind2=" ">
    <subfield code="a">9781608310753 (pbk. : alk. paper)</subfield>
  </datafield>
  <datafield tag="020" ind1=" " ind2=" ">
    <subfield code="a">1608310752 (pbk. : alk. paper)</subfield>
  </datafield>
  <datafield tag="040" ind1=" " ind2=" ">
    <subfield code="a">DNLM/DLC</subfield>
    <subfield code="c">DLC</subfield>
    <subfield code="d">YDX</subfield>
    <subfield code="d">NLM</subfield>
    <subfield code="d">YDXCP</subfield>
    <subfield code="d">COU</subfield>
    <subfield code="d">BWX</subfield>
    <subfield code="d">CDX</subfield>
    <subfield code="d">DLC</subfield>
    <subfield code="d">EG-ScBUE</subfield>
  </datafield>
  <datafield tag="082" ind1="0" ind2="0">
    <subfield code="a">362.173</subfield>
    <subfield code="2">22</subfield>
    <subfield code="b">TRA</subfield>
  </datafield>
  <datafield tag="245" ind1="0" ind2="0">
    <subfield code="a">Transcultural concepts in nursing care /</subfield>
    <subfield code="c">[edited by] Margaret M. Andrews, Joyceen S. Boyle.</subfield>
  </datafield>
  <datafield tag="250" ind1=" " ind2=" ">
    <subfield code="a">6th ed.</subfield>
  </datafield>
  <datafield tag="260" ind1=" " ind2=" ">
    <subfield code="a">Philadelphia :</subfield>
    <subfield code="b">Wolters Kluwer Health / Lippincott Williams &amp; Wilkins,</subfield>
    <subfield code="c">c.2012.</subfield>
  </datafield>
  <datafield tag="300" ind1=" " ind2=" ">
    <subfield code="a">xix, 476 p. :</subfield>
    <subfield code="b">ill. ;</subfield>
    <subfield code="c">23 cm.</subfield>
  </datafield>
  <datafield tag="500" ind1=" " ind2=" ">
    <subfield code="a">Rev. ed. of: Transcultural concepts in nursing care / Margaret M. Andrews, Joyceen S. Boyle. 5th ed. c2008.</subfield>
  </datafield>
  <datafield tag="500" ind1=" " ind2=" ">
    <subfield code="a">Index : p. 465-476.</subfield>
  </datafield>
  <datafield tag="504" ind1=" " ind2=" ">
    <subfield code="a">Includes bibliographical references.</subfield>
  </datafield>
  <datafield tag="505" ind1="0" ind2=" ">
    <subfield code="a">Theoretical foundations of transcultural nursing / Margaret M. Andrews and Joyceen S. Boyle -- Culturally competent nursing care / Margaret M. Andrews -- Cultural competence in the health history and physical examination / Margaret M. Andrews -- The influence of cultural and health belief systems on health care practices / Margaret M. Andrews -- Transcultural perspectives in childbearing / Jana Lauderdale -- Transcultural perspectives in the nursing care of children / Barbara C. Woodring and Margaret M. Andrews -- Transcultural perspectives in the nursing care of adults / Joyceen S. Boyle -- Transcultural perspectives in the nursing care of older adults / Margaret A. McKenna -- Creating culturally competent organizations / Patti Ludwig-Beymer -- Transcultural perspectives in mental health nursing / Joanne T. Ehrmin -- Culture, family, and community / Joyceen S. Boyle and Martha B. Baird -- Cultural diversity in the health care workforce / Margaret M. Andrews and Patti Lugwig-Beymer -- Religion, culture, and nursing / Patricia A. Hanson -- Cultural competence in ethical decision making / Dula F. Pacquiao -- Perspectives on international nursing / Paula Herberg.</subfield>
  </datafield>
  <datafield tag="650" ind1=" " ind2="7">
    <subfield code="a">Transcultural nursing.</subfield>
    <subfield code="2">BUEsh</subfield>
    <subfield code="9">36287</subfield>
  </datafield>
  <datafield tag="651" ind1=" " ind2=" ">
    <subfield code="2">BUEsh</subfield>
  </datafield>
  <datafield tag="653" ind1=" " ind2=" ">
    <subfield code="b">NNUR</subfield>
    <subfield code="c">May2015</subfield>
  </datafield>
  <datafield tag="655" ind1=" " ind2=" ">
    <subfield code="v">reading book</subfield>
    <subfield code="9">34232</subfield>
  </datafield>
  <datafield tag="700" ind1="1" ind2=" ">
    <subfield code="a">Andrews, Margaret M.,</subfield>
    <subfield code="9">37895</subfield>
    <subfield code="e">editor.</subfield>
  </datafield>
  <datafield tag="700" ind1="1" ind2=" ">
    <subfield code="a">Boyle, Joyceen S.,</subfield>
    <subfield code="9">37896</subfield>
    <subfield code="e">editor.</subfield>
  </datafield>
  <datafield tag="942" ind1=" " ind2=" ">
    <subfield code="2">ddc</subfield>
  </datafield>
  <datafield tag="999" ind1=" " ind2=" ">
    <subfield code="c">19327</subfield>
    <subfield code="d">19299</subfield>
  </datafield>
  <datafield tag="952" ind1=" " ind2=" ">
    <subfield code="0">0</subfield>
    <subfield code="1">0</subfield>
    <subfield code="2">ddc</subfield>
    <subfield code="4">0</subfield>
    <subfield code="7">0</subfield>
    <subfield code="8">Alahram</subfield>
    <subfield code="a">MAIN</subfield>
    <subfield code="b">MAIN</subfield>
    <subfield code="c">1ST</subfield>
    <subfield code="d">2015-05-10</subfield>
    <subfield code="g">288.00</subfield>
    <subfield code="h">321</subfield>
    <subfield code="l">27</subfield>
    <subfield code="m">36</subfield>
    <subfield code="o">362.173 TRA</subfield>
    <subfield code="p">000038201</subfield>
    <subfield code="r">2025-11-23 00:00:00</subfield>
    <subfield code="s">2025-11-18</subfield>
    <subfield code="v">360.00</subfield>
    <subfield code="y">BB</subfield>
  </datafield>
</record>
